| 000 | 00697nam a2200229 i 4500 | ||
|---|---|---|---|
| 001 | bgj | ||
| 100 | 1 | _aDAVIES, P. A. | |
| 245 | 1 | 0 |
_aSparks : _bpodręcznik dla szkoły podstawowej / _cP. A. Davies [et al.]. |
| 260 |
_aOxford : _bOxford University Press, _c2004. |
||
| 300 |
_a95 pp : _bill. ; _c27 cm. |
||
| 650 | 9 |
_aEnglish language _xPrimary schools _xYoung learners |
|
| 655 | _aTextbooks for children | ||
| 700 | 1 |
_aGRAHAM, C. _eco-author |
|
| 700 | 1 |
_aSZPOTOWICZ, Magdalena. _econs. |
|
| 700 | 1 |
_aSZULC-KURPASKA, Małgorzata. _econs. |
|
| 020 | _a0194384160 | ||
| 040 | _cBPK | ||
| 041 | 0 | _aeng | |
| 920 | _a0-19-438416-0 | ||
| 942 | _cKS | ||
| 008 | s uk f |000 0 eng | ||
| 999 |
_c48944 _d48944 |
||
| 856 |
_uhttp://koha.tu.koszalin.pl/cgi-bin/koha/opac-detail.pl?biblionumber=48944 _yKatalog online BPK |
||